| 000 | 00000nam##2200000za#4500 |
| 001 | 9.640525 |
| 003 | CaOODSP |
| 005 | 20210624222720 |
| 007 | cr ||||||||||| |
| 008 | 150407|1996||||xxc|||||o f|0| 0 fre|d |
| 040 | |aCaOODSP|bfre |
| 043 | |an-cn--- |
| 086 | 1 |aF2-113/1996F-PDF |
| 110 | 1 |aCanada. |bMinistère des finances. |
| 245 | 13|aLa taxe de vente harmonisée : |h[ressource électronique]|bdocument technique / |cpublié conjointement par les gouvernements du Canada, de la Nouvelle-Écosse, du Nouveau-Brunswick, de Terre-Neuve et du Labrador. |
| 260 | |aOttawa - Ontario : |bFinances Canada |c[1996]. |
| 300 | |a121p.|bfigures |
| 590 | |a12-32-Supp|b2012-07-11 |
| 691 | 07|aPolitique fiscale|2gcpds |
| 691 | 07|aTaxe sur les produits et services|2gcpds |
| 775 | 08|tHarmonized sales tax : |w(CaOODSP)9.696408 |
| 776 | 0#|tLa taxe de vente harmonisée : |w(CaOODSP)9.679922 |
| 856 | 40|ahttp://publications.gc.ca|qPDF|s503 Ko|uhttps://publications.gc.ca/collections/Collection/F2-113-1996F.pdf |